[Event "Copenhagen Challenge"]
[Site "Ballerup"]
[Date "2017.05.11"]
[Round "2"]
[White "Winther, Bjarke Rosenborg"]
[Black "Pakmor, Claus"]
[Result "0-1"]
[WhiteElo "1784"]
[BlackElo "1992"]
[PlyCount "60"]
[EventDate "2017.05.10"]
[EventType "swiss"]
[EventRounds "9"]
[EventCountry "DEN"]
[SourceTitle "CBM 178 Extra"]
[Source "ChessBase"]
[SourceDate "2017.06.22"]
[SourceVersion "1"]
[SourceVersionDate "2017.06.22"]
[SourceQuality "1"]

1. e4 e5 2. Nf3 Nc6 3. Bc4 Bc5 4. c3 Nf6 5. d3 d6 6. h3 Be6 7. Nbd2 0-0 8. 0-0 d5 9. exd5 Bxd5 10. b4 Bd6 11. Qb3 Ne7 12. Bxd5 Nexd5 13. Ne4 h6 14. Nxd6 Qxd6 15. a3 Rad8 16. d4 exd4 17. Nxd4 Nxc3 18. Be3 Ncd5 19. Nb5 Qa6 20. a4 Nxe3 21. Qxe3 Nd5 22. Qb3 c6 23. Nc3 Nxc3 24. Qxc3 Rd3 25. Qc5 Rd5 26. Qe7 Qb6 27. Rfb1 Rfd8 28. a5 Qb5 29. a6 b6 30. Qxa7 R5d7 0-1

[Event "Helsingor Xtracon op"]
[Site "Helsingor"]
[Date "2016.07.29"]
[Round "8"]
[White "Nilssen, Steinar"]
[Black "Winther, Bjarke Rosenborg"]
[Result "0-1"]
[WhiteElo "1575"]
[BlackElo "1786"]
[PlyCount "82"]
[EventDate "2016.07.23"]
[EventType "swiss"]
[EventRounds "10"]
[EventCountry "DEN"]
[SourceTitle "CBM 173 Extra"]
[Source "ChessBase"]
[SourceDate "2016.08.29"]
[SourceVersion "1"]
[SourceVersionDate "2016.08.29"]
[SourceQuality "1"]

1. e4 c5 2. Nf3 d6 3. g3 Nf6 4. d3 Bg4 5. h3 Bd7 6. Bg2 Nc6 7. 0-0 g6 8. Nbd2 Bg7 9. c3 0-0 10. Re1 Qc7 11. a3 a5 12. Nc4 b5 13. Ne3 e6 14. Nc2 Rfd8 15. Bd2 Rab8 16. Rb1 a4 17. Na1 Na5 18. b3 axb3 19. Nxb3 Nxb3 20. Qxb3 Ne8 21. d4 c4 22. Qd1 e5 23. d5 Ra8 24. Ra1 Ra4 25. Bc1 Rda8 26. h4 Qc8 27. Nh2 Nc7 28. Bf3 Na6 29. Be3 Nc5 30. Bxc5 Qxc5 31. Qc1 Rxa3 32. Rb1 Ra2 33. Re2 Rxe2 34. Bxe2 Ra2 35. Rb2 Qa3 36. Rb1 Qxc1+ 37. Rxc1 Rxe2 38. Kg2 Ra2 39. Kf3 Bh6 40. Rb1 Bd2 41. Ng4 Kg7 0-1

[Event "Helsingor Xtracon op"]
[Site "Helsingor"]
[Date "2016.07.26"]
[Round "5"]
[White "Winther, Bjarke Rosenborg"]
[Black "Christensen, Casper"]
[Result "0-1"]
[WhiteElo "1786"]
[BlackElo "2012"]
[PlyCount "38"]
[EventDate "2016.07.23"]
[EventType "swiss"]
[EventRounds "10"]
[EventCountry "DEN"]
[SourceTitle "CBM 173 Extra"]
[Source "ChessBase"]
[SourceDate "2016.08.29"]
[SourceVersion "1"]
[SourceVersionDate "2016.08.29"]
[SourceQuality "1"]

1. e4 d6 2. d4 g6 3. Nc3 Bg7 4. Nf3 Nf6 5. Be2 0-0 6. 0-0 Nc6 7. Be3 e5 8. dxe5 Nxe5 9. Nxe5 dxe5 10. Qxd8 Rxd8 11. Rfd1 Be6 12. f3 a6 13. b3 Bf8 14. Rxd8 Rxd8 15. Rd1 Rxd1+ 16. Nxd1 Nd7 17. Nb2 Ba3 18. Nc4 Bb4 19. Bd2 Bxc4 0-1